| 000 | 00706nam a2200253Ia 4500 | ||
|---|---|---|---|
| 005 | 20250425162534.0 | ||
| 008 | 250425s9999 xx 000 0 und d | ||
| 020 | _a9978862862 | ||
| 041 | _aspa | ||
| 043 | _aec | ||
| 082 | _a341.02636 | ||
| 100 | _aCORPORACION, DE ESTUDIOS Y PUBLICACIONES | ||
| 245 | 0 | _aCODIGO DEL TRABAJO | |
| 250 | _a18A ED. | ||
| 260 |
_aEcuador _bCORPORACION DE ESTUDIOS Y PUBLICACIONES _c2013 |
||
| 260 |
_aQUITO _bCORPORACION DE ESTUDIOS Y PUBLICACIONES |
||
| 300 | _a300 | ||
| 500 | _aActualizada 2 de Enero 2013 | ||
| 650 | _aCODIGO DE TRABAJO | ||
| 650 | _aECUADOR-LEYES | ||
| 710 | _aCORPORACION DE ESTUDIOS Y PUBLICACIONES | ||
| 942 | _c01 | ||
| 010 | _a83875 | ||
| 999 |
_c231283 _d231283 |
||